| 000 | 00674cam a2200229Ia 4500 | ||
|---|---|---|---|
| 008 | |||
| 020 | _a0596002491 (pbk.) | ||
| 049 | _aMAIN | ||
| 090 |
_aQA76.76.O63 _bKAR |
||
| 100 | 1 | _aKarp, David A. | |
| 245 | 1 | 0 |
_aWindows XP in a nutshell / _cDavid A. Karp, Tim O'Reilly, and Troy Mott. |
| 260 |
_aSebastopol, Calif. : _bO'Reilly, _c2002. |
||
| 300 |
_a616 p. : _bill. ; _c23 cm. |
||
| 630 | 0 | 0 | _aMicrosoft Windows (Computer file). |
| 700 | 1 | _aO'Reilly, Tim. | |
| 700 | 1 | _aMott, Troy. | |
| 907 |
_a.b10281976 _b04-08-11 _c01-09-10 |
||
| 003 | |||
| 005 | 20230120144451.0 | ||
| 040 | _cNUST | ||
| 942 |
_cBOOKS _kQA76.76.O63 _mKAR |
||
| 999 |
_c97388 _d97388 |
||